Thus spake Zarathustra (Record no. 59892)

MARC details
000 -LEADER
fixed length control field 00512nam a2200145 a 4500
008 - FIXED-LENGTH DATA ELEMENTS--GENERAL INFORMATION
fixed length control field 120416s1933 ||||||||||||||||| || u
050 ## - LIBRARY OF CONGRESS CALL NUMBER
Classification number B 3313. A43E5 Nie
100 ## - MAIN ENTRY--PERSONAL NAME
Personal name Nietzache, Friedrich W
245 10 - TITLE STATEMENT
Title Thus spake Zarathustra
260 ## - PUBLICATION, DISTRIBUTION, ETC.
Place of publication, distribution, etc. New York
Name of publisher, distributor, etc. Modern Library
Date of publication, distribution, etc. 1933
300 ## - PHYSICAL DESCRIPTION
Extent xxiii, 368p.
350 ## - PRICE (NR) (BK AM CF MU VM SE) [OBSOLETE]
Price 0.00
650 ## - SUBJECT ADDED ENTRY--TOPICAL TERM
Topical term or geographic name entry element PHILOSOPHY
995 ## - RECOMMENDATION 995 [LOCAL, UNIMARC FRANCE]
-- 0.00
-- CBU-MAIN LIBRARY (Kitwe)
-- 1
-- 0.00
-- 1
-- AVAILABLE
-- Main Library Open Access Collection
Holdings
Withdrawn status Lost status Source of classification or shelving scheme Damaged status Not for loan Home library Current library Shelving location Date acquired Total Checkouts Full call number Barcode Date last seen Price effective from Koha item type
          CBU-MAIN LIBRARY, KITWE. CBU-MAIN LIBRARY, KITWE.   11/30/2022   B 3313. A43E5 Nie 000900 11/30/2022 11/30/2022 MONOGRAPH